000 01171nam a2200313 a 4500
001 ebr10721190
003 CaPaEBR
006 m o u
007 cr cn|||||||||
008 130625s2013 cm sb 000 0 eng d
020 _z9956790753
020 _z9789956790753
020 _z9789956790784 (e-book)
040 _aCaPaEBR
_cCaPaEBR
035 _a(OCoLC)860716308
043 _af-rh---
050 1 4 _aCS3080.S56
_bM37 2013eb
100 1 _aMapara, Jacob.
245 1 0 _aShona sentential names
_h[electronic resource] :
_ba brief overview /
_cJacob Mapara.
260 _aMankon, Bamenda, Cameroon :
_bLangaa Research & Pub. CIG,
_c2013.
300 _ax, 163 p.
504 _aIncludes bibliographical references.
533 _aElectronic reproduction.
_bPalo Alto, Calif. :
_cebrary,
_d2013.
_nAvailable via World Wide Web.
_nAccess may be limited to ebrary affiliated libraries.
650 0 _aNames, Personal
_zZimbabwe.
650 0 _aNames, African.
655 7 _aElectronic books.
_2local
710 2 _aebrary, Inc.
856 4 0 _uhttp://site.ebrary.com/lib/rucke/Doc?id=10721190
_zAn electronic book accessible through the World Wide Web; click to view
999 _c38860
_d38860